[Event "Tehran Alborz op 1st"]
[Site "Tehran"]
[Date "2014.03.14"]
[Round "10"]
[White "Ghorbani, Mohsen"]
[Black "Javakhadze, Zurab"]
[Result "0-1"]
[WhiteElo "2300"]
[BlackElo "2450"]
[PlyCount "104"]
[EventDate "2014.03.06"]
[EventType "swiss"]
[EventRounds "11"]
[EventCountry "IRI"]
[SourceTitle "CBM 159 Extra"]
[Source "ChessBase"]
[SourceDate "2014.04.24"]
[SourceVersion "1"]
[SourceVersionDate "2014.04.24"]
[SourceQuality "1"]

1. d4 Nf6 2. Nf3 e6 3. e3 b6 4. Bd3 Bb7 5. Nbd2 d6 6. 0-0 g6 7. e4 Bg7 8. Qe2 0-0 9. Rd1 Nc6 10. c3 Nd7 11. Nc4 Re8 12. Qc2 Qc8 13. a4 a5 14. Bf1 e5 15. dxe5 dxe5 16. Ne3 Nd8 17. Bb5 Bc6 18. Bxc6 Nxc6 19. Nd5 Nd8 20. b3 Ne6 21. Ba3 Ndc5 22. Nd2 Qb7 23. Bxc5 Nxc5 24. Nc4 Rad8 25. Rd2 c6 26. Nde3 Rxd2 27. Nxd2 Rd8 28. Ndc4 Qc7 29. b4 axb4 30. cxb4 Ne6 31. a5 b5 32. Nd2 Bf8 33. Qb2 Nf4 34. a6 Nd3 35. Qb3 Nxb4 36. Nf3 Ra8 37. Ng4 Nxa6 38. h4 Bg7 39. h5 Qc8 40. Ng5 Ra7 41. Qh3 Qd8 42. Nxh7 b4 43. h6 Bh8 44. Qe3 Rd7 45. Nhf6+ Bxf6 46. Rxa6 Bg5 47. Qh3 Kh7 48. g3 b3 49. Nxe5 b2 50. Nxd7 b1Q+ 51. Kh2 Qc2 52. Kg1 Qd1+ 0-1

[Event "Tehran Alborz op 1st"]
[Site "Tehran"]
[Date "2014.03.09"]
[Round "5"]
[White "Noroozi, Omid"]
[Black "Ghorbani, Mohsen"]
[Result "1-0"]
[WhiteElo "2382"]
[BlackElo "2300"]
[PlyCount "147"]
[EventDate "2014.03.06"]
[EventType "swiss"]
[EventRounds "11"]
[EventCountry "IRI"]
[SourceTitle "CBM 159 Extra"]
[Source "ChessBase"]
[SourceDate "2014.04.24"]
[SourceVersion "1"]
[SourceVersionDate "2014.04.24"]
[SourceQuality "1"]

1. c4 c6 2. Nf3 Nf6 3. Nc3 d6 4. d4 Bg4 5. e4 Nbd7 6. Be2 e5 7. 0-0 Bxf3 8. Bxf3 Be7 9. Be3 0-0 10. Qd2 Re8 11. d5 Nb6 12. Be2 Rc8 13. b3 Nbd7 14. h3 Qc7 15. Rfc1 Qb8 16. b4 a6 17. Bd3 Bd8 18. Rab1 c5 19. Na4 b6 20. a3 Qa8 21. Nc3 Nf8 22. Qd1 Re7 23. Rb2 h6 24. g3 N8d7 25. Bf1 a5 26. Ra1 Qa6 27. Qb1 Ra8 28. Raa2 Qc8 29. Nb5 Bc7 30. Bd2 Bb8 31. bxa5 bxa5 32. h4 Nf8 33. Nc3 Bc7 34. Rb7 Re8 35. Rab2 Ng6 36. f3 a4 37. Kh2 Qd8 38. Nb5 Bb8 39. Bh3 Re7 40. Nc3 Bc7 41. Nd1 Re8 42. R2b5 Nh5 43. Be1 Nf8 44. Qc2 Ng6 45. Nb2 Ne7 46. Nxa4 f5 47. exf5 Nf6 48. g4 Nh7 49. Rb1 Kh8 50. Nc3 Ba5 51. a4 Ng8 52. Ne4 Bxe1 53. Rxe1 Qxh4 54. Qf2 Qxf2+ 55. Nxf2 Ng5 56. Bg2 Nf6 57. Ra1 Ra6 58. Nd3 e4 59. fxe4 Nxg4+ 60. Kg3 Nf6 61. e5 dxe5 62. Nxc5 Raa8 63. d6 Red8 64. d7 Ra5 65. Rb5 Ra7 66. Ne6 Raxd7 67. Nxd8 Rxd8 68. Bd5 e4 69. a5 e3 70. a6 e2 71. a7 Nxd5 72. cxd5 Kh7 73. Rb8 Rxd5 74. Rh8+ 1-0

[Event "Fajr op 16th"]
[Site "Urmia"]
[Date "2008.02.04"]
[Round "4"]
[White "Ghorbani, Mohsen"]
[Black "Hicks, Robert Paul"]
[Result "1-0"]
[WhiteElo "2347"]
[BlackElo "2051"]
[PlyCount "37"]
[EventDate "2008.02.03"]
[EventType "swiss"]
[EventRounds "11"]
[EventCountry "IRI"]
[SourceTitle "CBM 122 Extra"]
[Source "ChessBase"]
[SourceDate "2008.03.04"]
[SourceVersion "1"]
[SourceVersionDate "2008.03.04"]
[SourceQuality "1"]

1. d4 d5 2. c4 Nc6 3. Nf3 Bg4 4. cxd5 Bxf3 5. dxc6 Bxc6 6. Nc3 Nf6 7. f3 e5 8. dxe5 Qxd1+ 9. Kxd1 0-0-0+ 10. Kc2 Nd7 11. e6 fxe6 12. g3 e5 13. Bh3 Bb4 14. Bg5 Rde8 15. Rhd1 h6 16. Be3 Bd6 17. Ne4 Bxe4+ 18. fxe4 Rd8 19. Bxa7 1-0

[Event "Asia Cities-ch 15th"]
[Site "Tehran"]
[Date "2007.03.06"]
[Round "7.2"]
[White "Golizadeh, Asghar"]
[Black "Ghorbani, Mohsen"]
[Result "0-1"]
[WhiteElo "2261"]
[BlackElo "2311"]
[PlyCount "112"]
[EventDate "2007.03.02"]
[EventType "team-swiss"]
[EventRounds "9"]
[EventCountry "IRI"]
[SourceTitle "EXT 2020"]
[Source "ChessBase"]
[SourceDate "2019.10.17"]
[SourceVersion "1"]
[SourceVersionDate "2019.10.17"]
[SourceQuality "1"]
[WhiteTeam "Tehran Rah Ahan"]
[BlackTeam "Tehran Saipa"]
[WhiteTeamCountry "IRI"]
[BlackTeamCountry "IRI"]

1. e4 c6 2. d4 g6 3. Nc3 d5 4. f3 Bg7 5. Be3 Qb6 6. Qd2 Qxb2 7. Rb1 Qa3 8. exd5 Nf6 9. dxc6 bxc6 10. Bc4 Ba6 11. Rb3 Qa5 12. Ne4 Qxd2+ 13. Nxd2 Nd5 14. Bf2 Bxc4 15. Nxc4 Nd7 16. Ne2 0-0 17. Na5 Rfc8 18. c4 N5b6 19. Kd2 c5 20. d5 e6 21. dxe6 fxe6 22. Ng3 Bd4 23. Bxd4 cxd4 24. Rb4 Ne5 25. Re1 Rc5 26. Nb3 Nbxc4+ 27. Rxc4 Nxc4+ 28. Kd3 Ne5+ 29. Kxd4 Rd8+ 30. Kxc5 Nd3+ 31. Kc6 Nxe1 32. Ne4 Nxg2 33. Nbc5 Rb8 34. a4 Nf4 35. a5 Rb2 36. h4 Ra2 37. a6 Rb2 38. Nd6 Rc2 39. Nde4 Nd3 40. Kd6 Nxc5 41. Nxc5 Kf7 42. Nd7 h5 43. f4 Ra2 44. Nb8 Kf6 45. Kc7 Kf5 46. Kb7 Kxf4 47. Kxa7 e5 48. Kb6 e4 49. Nc6 e3 50. a7 e2 51. Nb4 Rxa7 52. Kxa7 Kg4 53. Nd3 Kxh4 54. Kb6 Kg3 55. Kc5 h4 56. Kd4 h3 0-1

[Event "IRI-ch"]
[Site "Tehran"]
[Date "2006.12.25"]
[Round "5"]
[White "Toufighi, Homayoon"]
[Black "Ghorbani, Mohsen"]
[Result "0-1"]
[WhiteElo "2386"]
[BlackElo "2304"]
[PlyCount "60"]
[EventDate "2006.12.22"]
[EventType "tourn"]
[EventRounds "11"]
[EventCountry "IRI"]
[EventCategory "6"]
[SourceTitle "CBM 116 Extra"]
[Source "ChessBase"]
[SourceDate "2007.03.07"]
[SourceVersion "1"]
[SourceVersionDate "2007.03.07"]
[SourceQuality "1"]

1. e4 c6 2. Nf3 d6 3. d4 Nf6 4. Nc3 g6 5. h3 Bg7 6. Be3 Qc7 7. Be2 Nbd7 8. Qd2 0-0 9. 0-0 Re8 10. Rad1 a6 11. Rfe1 b5 12. a3 Bb7 13. Bh6 Rad8 14. Qg5 c5 15. Bxg7 Kxg7 16. e5 cxd4 17. exf6+ exf6 18. Nxb5 axb5 19. Qxb5 Bxf3 20. Bxf3 Rb8 21. Qa4 Rxe1+ 22. Rxe1 Rxb2 23. Re7 d3 24. Rxd7 Qxd7 25. Qxd7 dxc2 26. Qc7 Rb1+ 27. Kh2 c1Q 28. Qxd6 Ra1 29. Bd5 Qd2 30. Qc5 Rc1 0-1

[Event "IRI-ch"]
[Site "Tehran"]
[Date "2005.09.11"]
[Round "1"]
[White "Ghorbani, Mohsen"]
[Black "Doostkam, Pooyan"]
[Result "1-0"]
[WhiteElo "2340"]
[BlackElo "2250"]
[PlyCount "115"]
[EventDate "2005.09.11"]
[EventType "tourn"]
[EventRounds "11"]
[EventCountry "IRI"]
[EventCategory "2"]
[SourceTitle "EXT 2006"]
[Source "ChessBase"]
[SourceDate "2005.11.24"]
[SourceVersion "1"]
[SourceVersionDate "2005.11.24"]
[SourceQuality "1"]

1. d4 d6 2. Nf3 Bg4 3. Nbd2 Nf6 4. g3 Nbd7 5. Bg2 c6 6. h3 Bxf3 7. Nxf3 e5 8. c4 e4 9. Ng5 d5 10. cxd5 cxd5 11. h4 Qa5+ 12. Kf1 Bd6 13. Nh3 0-0 14. Nf4 Rac8 15. Bh3 Rc7 16. Kg2 h6 17. h5 Nb6 18. b3 Nh7 19. Bf5 Qc3 20. Be3 Ba3 21. Qe1 Qxe1 22. Rhxe1 Rd8 23. Bc1 Bb4 24. Rd1 Rc2 25. a4 a5 26. Be3 Rd6 27. Rdc1 Rdc6 28. Rxc2 Rxc2 29. Rc1 Rxc1 30. Bxc1 Nf6 31. Be3 Kf8 32. f3 Ke7 33. g4 exf3+ 34. exf3 Ne8 35. Bc2 Nd6 36. Kf2 f5 37. gxf5 Kf6 38. Ne6 Nbc8 39. Nc7 Ne7 40. Bf4 Ndxf5 41. Be5+ Kg5 42. f4+ Kxh5 43. Nxd5 Nxd5 44. Bxf5 g5 45. fxg5 Kxg5 46. Bc8 b6 47. Kf3 Nc3 48. Bd7 Kg6 49. Kg4 Be7 50. Be8+ Kh7 51. Bf7 Ne4 52. Kf5 Nd6+ 53. Ke6 Nxf7 54. Kxf7 Bd8 55. d5 h5 56. d6 h4 57. d7 h3 58. Ke8 1-0

[Event "Lahijan op 4th"]
[Site "Lahijan"]
[Date "2005.08.30"]
[Round "6"]
[White "Ghorbani, Mohsen"]
[Black "Noroozi, Omid"]
[Result "0-1"]
[WhiteElo "2340"]
[BlackElo "2157"]
[PlyCount "92"]
[EventDate "2005.08.24"]
[EventType "swiss"]
[EventRounds "10"]
[EventCountry "IRI"]
[SourceTitle "CBM 108 Extra"]
[Source "ChessBase"]
[SourceDate "2005.11.04"]
[SourceVersion "1"]
[SourceVersionDate "2005.11.04"]
[SourceQuality "1"]

1. d4 d5 2. c4 e6 3. Nc3 c6 4. Nf3 Nd7 5. e3 Ngf6 6. Qc2 Bd6 7. a3 a6 8. e4 dxe4 9. Nxe4 Nxe4 10. Qxe4 c5 11. Be3 Qa5+ 12. Bd2 Qc7 13. Bc3 cxd4 14. Qxd4 e5 15. Qh4 b6 16. Be2 Bb7 17. 0-0-0 Nc5 18. Rhe1 0-0 19. b4 Ne4 20. Bd3 f5 21. Bb2 Rf6 22. c5 bxc5 23. Bc4+ Kh8 24. Rxe4 fxe4 25. Ng5 h6 26. Ne6 Qe7 27. Rxd6 Qxd6 28. Nxc5 Bd5 29. Bxd5 Qxd5 30. Qxe4 Rd8 31. Qxd5 Rxd5 32. f3 Rc6 33. Bc3 Rdxc5 34. bxc5 Rxc5 35. Kd2 Kg8 36. Kd3 Kf7 37. Bb4 Rc8 38. Bc3 Ke6 39. h4 g6 40. Bd2 h5 41. Be3 Kd5 42. g3 Rf8 43. Ke2 Kc4 44. g4 Rc8 45. Bg5 Rb8 46. Be7 Rb2+ 0-1

[Event "IRI-ch sf"]
[Site "Tehran"]
[Date "2005.08.11"]
[Round "9"]
[White "Darini, Pouria"]
[Black "Ghorbani, Mohsen"]
[Result "0-1"]
[WhiteElo "2110"]
[BlackElo "2340"]
[PlyCount "82"]
[EventDate "2005.08.03"]
[EventType "swiss"]
[EventRounds "9"]
[EventCountry "IRI"]
[SourceTitle "EXT 2006"]
[Source "ChessBase"]
[SourceDate "2005.11.24"]
[SourceVersion "1"]
[SourceVersionDate "2005.11.24"]
[SourceQuality "1"]

1. e4 c5 2. b3 Nc6 3. Bb2 Nf6 4. e5 Nd5 5. Nc3 Nxc3 6. Bxc3 d5 7. exd6 Qxd6 8. Nf3 Bg4 9. Be2 e6 10. 0-0 Be7 11. Ne5 Bxe2 12. Qxe2 Bf6 13. f4 Bxe5 14. fxe5 Qd7 15. Qc4 b6 16. Qg4 0-0 17. Rf3 Nd4 18. Rd3 Qc7 19. Re1 Rad8 20. Rg3 Nf5 21. Rh3 Qe7 22. d3 h6 23. Bd2 Rd4 24. Re4 f6 25. c3 Rd5 26. Qe2 Rxe5 27. Rxe5 fxe5 28. Qxe5 Qf7 29. Rf3 Qg6 30. Qe4 Rf6 31. Be1 Kh7 32. Bf2 Qg5 33. Be3 Qg6 34. Bf2 Qh5 35. h3 Qg6 36. a4 a5 37. Kh1 h5 38. Kh2 Qg5 39. Bh4 Qxh4 40. Rxf5 Qxe4 41. Rxh5+ Kg6 0-1

[Event "IRI-ch sf"]
[Site "Tehran"]
[Date "2005.08.05"]
[Round "3"]
[White "Ghorbani, Mohsen"]
[Black "Soozankar, Amir Mohammad"]
[Result "1-0"]
[WhiteElo "2340"]
[BlackElo "2251"]
[PlyCount "105"]
[EventDate "2005.08.03"]
[EventType "swiss"]
[EventRounds "9"]
[EventCountry "IRI"]
[SourceTitle "EXT 2006"]
[Source "ChessBase"]
[SourceDate "2005.11.24"]
[SourceVersion "1"]
[SourceVersionDate "2005.11.24"]
[SourceQuality "1"]

1. c4 e5 2. Nf3 d6 3. d4 e4 4. Ng5 f5 5. Nc3 c6 6. d5 Be7 7. Nh3 c5 8. f3 Nf6 9. Nf2 0-0 10. g3 exf3 11. exf3 Na6 12. Bd3 Nd7 13. 0-0 Ne5 14. Be2 Bf6 15. f4 Nf7 16. Bd2 Rb8 17. Rb1 Bd7 18. a3 Nh6 19. Qc2 Kh8 20. Bd3 g6 21. Rfe1 Re8 22. Kg2 Rxe1 23. Rxe1 Qf8 24. h3 Re8 25. Ne2 Qf7 26. Ng1 Rxe1 27. Bxe1 b5 28. Nf3 Nc7 29. b3 Qe7 30. Bd2 Bg7 31. Ba5 Na8 32. cxb5 Nb6 33. Bc4 Bc8 34. Qd3 Ng8 35. a4 Nf6 36. Bc3 Bb7 37. Bxf6 Qxf6 38. a5 Nc8 39. h4 Ne7 40. a6 Ba8 41. Nd1 h6 42. Ne3 Qb2+ 43. Kh3 Qa1 44. Nd1 Kh7 45. h5 Bd4 46. Nh4 Bf6 47. Nxg6 Nxg6 48. Qxf5 Kh8 49. Qxf6+ Kh7 50. Qxg6+ Kh8 51. Qxh6+ Kg8 52. Qg6+ Kh8 53. h6 1-0

[Event "IRI-chT"]
[Site "Iran"]
[Date "2005.07.22"]
[Round "7"]
[White "Ghorbani, Mohsen"]
[Black "Rafiei, A."]
[Result "0-1"]
[WhiteElo "2340"]
[BlackElo "2164"]
[PlyCount "70"]
[EventDate "2005.05.26"]
[EventType "team"]
[EventRounds "11"]
[EventCountry "IRI"]
[SourceTitle "CBM 106 Extra"]
[Source "ChessBase"]
[SourceDate "2005.07.01"]
[SourceVersion "1"]
[SourceVersionDate "2005.07.01"]
[SourceQuality "1"]

1. d4 d5 2. c4 e6 3. Nf3 c6 4. Nbd2 c5 5. cxd5 exd5 6. dxc5 Nf6 7. g3 Bxc5 8. Nb3 Bb6 9. Bg2 Ne4 10. 0-0 0-0 11. Nfd4 Nc6 12. Be3 Ne5 13. Nc2 Ng4 14. Bxb6 Qxb6 15. Qd4 Qh6 16. h3 Ngf6 17. Qe3 g5 18. g4 Bd7 19. Ncd4 Rae8 20. f4 Qh4 21. Nf3 Qg3 22. fxg5 Bxg4 23. gxf6 Bxh3 24. Rf2 Kh8 25. Qd4 Rg8 26. Ne1 Rg4 27. Rd1 Qh4 28. Nd2 Ng3 29. Nef3 Qh5 30. Qxg4 Bxg4 31. Re1 Rg8 32. Nd4 Bh3 33. Rf3 Bxg2 34. Rxg3 Rxg3 35. Kf2 Qh4 0-1

[Event "Olympiad-36"]
[Site "Mallorca"]
[Date "2004.10.24"]
[Round "9"]
[White "Ghorbani, Mohsen"]
[Black "Brkic, Ante"]
[Result "0-1"]
[WhiteElo "2343"]
[BlackElo "2454"]
[PlyCount "96"]
[EventDate "2004.10.15"]
[EventType "team-swiss"]
[EventRounds "14"]
[EventCountry "ESP"]
[SourceTitle "CBM 104"]
[Source "ChessBase"]
[SourceDate "2005.01.27"]
[SourceVersion "1"]
[SourceVersionDate "2005.01.27"]
[SourceQuality "1"]
[WhiteTeam "Iran"]
[BlackTeam "Croatia"]
[WhiteTeamCountry "IRI"]
[BlackTeamCountry "CRO"]

1. d4 Nf6 2. c4 g6 3. Nf3 Bg7 4. Nc3 d5 5. g3 0-0 6. Bg2 dxc4 7. 0-0 Nbd7 8. h3 c6 9. a4 Nd5 10. Bg5 N7f6 11. Qc1 Nxc3 12. bxc3 Ne4 13. Be3 Qa5 14. Ra3 Re8 15. Rd1 Be6 16. Nh2 Bd5 17. Nf1 Nf6 18. f3 e5 19. Qc2 e4 20. f4 Re7 21. Bf2 e3 22. Nxe3 Bxg2 23. Kxg2 Rae8 24. Qc1 Nd5 25. Nxc4 Nxf4+ 26. Qxf4 Qd5+ 27. Qf3 Qxc4 28. e3 Re4 29. Rb1 Bh6 30. Rb4 Qe6 31. c4 Bf8 32. c5 Bxc5 33. Rab3 Bxb4 34. Rxb4 b6 35. Rb2 c5 36. dxc5 bxc5 37. a5 c4 38. Rc2 Qa6 39. Rd2 Qxa5 40. Rd7 Qf5 41. Qxf5 gxf5 42. Rxa7 Rc8 43. Ra1 c3 44. Kf3 c2 45. Rc1 Rb4 46. Ke2 Rb1 47. Kd2 Rxc1 48. Kxc1 Kg7 0-1

[Event "Tehran Saipa Cup 2nd"]
[Site "Tehran"]
[Date "2004.09.20"]
[Round "10"]
[White "Gleizerov, Evgeny"]
[Black "Ghorbani, Mohsen"]
[Result "1-0"]
[WhiteElo "2539"]
[BlackElo "2333"]
[PlyCount "83"]
[EventDate "2004.09.13"]
[EventType "tourn"]
[EventRounds "11"]
[EventCountry "IRI"]
[EventCategory "10"]
[SourceTitle "CBM 102 Extra"]
[Source "ChessBase"]
[SourceDate "2004.11.03"]
[SourceVersion "1"]
[SourceVersionDate "2004.11.03"]
[SourceQuality "1"]

1. d4 Nf6 2. c4 e6 3. g3 d5 4. Nf3 Be7 5. Bg2 0-0 6. 0-0 Nbd7 7. Nc3 c6 8. Qd3 b6 9. Rd1 Ba6 10. b3 Rc8 11. e4 Bb4 12. e5 Bxc3 13. Qxc3 Ne4 14. Qe3 f5 15. Ne1 h6 16. Ba3 Re8 17. Rac1 b5 18. cxd5 cxd5 19. Rxc8 Bxc8 20. f3 Ng5 21. Qc3 Qb6 22. Nd3 a5 23. Bc5 Qa6 24. h4 Nf7 25. Bf1 Bb7 26. Qd2 Rc8 27. Rc1 Qa8 28. a3 a4 29. b4 Rc6 30. Nf4 Ba6 31. Bd3 Qb7 32. g4 fxg4 33. fxg4 Nb6 34. Bb1 Nc4 35. Qd3 Rxc5 36. Nxe6 Nfxe5 37. Qh7+ Kf7 38. Nd8+ Ke8 39. Nxb7 Nf3+ 40. Kf2 Rc7 41. Qg8+ Kd7 42. Nc5+ 1-0

[Event "Tehran Saipa Cup 2nd"]
[Site "Tehran"]
[Date "2004.09.19"]
[Round "9"]
[White "Ghorbani, Mohsen"]
[Black "Iuldachev, Saidali"]
[Result "0-1"]
[WhiteElo "2333"]
[BlackElo "2550"]
[PlyCount "70"]
[EventDate "2004.09.13"]
[EventType "tourn"]
[EventRounds "11"]
[EventCountry "IRI"]
[EventCategory "10"]
[SourceTitle "CBM 102 Extra"]
[Source "ChessBase"]
[SourceDate "2004.11.03"]
[SourceVersion "1"]
[SourceVersionDate "2004.11.03"]
[SourceQuality "1"]

1. d4 d6 2. c4 Nf6 3. Nc3 Nbd7 4. g3 e5 5. Nf3 g6 6. Bg2 Bg7 7. 0-0 0-0 8. Qc2 c6 9. Rd1 Re8 10. e4 a6 11. dxe5 dxe5 12. c5 Qe7 13. Na4 Bf8 14. b3 Rb8 15. Bb2 Ng4 16. h3 Nh6 17. Rac1 f6 18. Nd2 Nf7 19. Nc4 Bh6 20. Rb1 Nf8 21. Nd6 Rd8 22. Rd3 b5 23. Nb6 Be6 24. a4 Qc7 25. Nxf7 Kxf7 26. Rbd1 Rxd3 27. Rxd3 Rd8 28. b4 bxa4 29. Nxa4 a5 30. Bc3 axb4 31. Bxb4 Ra8 32. Bf1 Nd7 33. Rd6 Bf8 34. Bc4 Bxc4 35. Qxc4+ Kg7 0-1

[Event "Asia Cities-ch 14th"]
[Site "Tagaytay City"]
[Date "2004.03.22"]
[Round "3.3"]
[White "Ghorbani, Mohsen"]
[Black "Taleb, Moussa"]
[Result "0-1"]
[WhiteElo "2322"]
[BlackElo "2454"]
[PlyCount "150"]
[EventDate "2004.03.21"]
[EventType "team"]
[EventRounds "9"]
[EventCountry "PHI"]
[SourceTitle "CBM 099 Extra"]
[Source "ChessBase"]
[SourceDate "2004.05.04"]
[SourceVersion "1"]
[SourceVersionDate "2004.05.04"]
[SourceQuality "1"]
[WhiteTeam "Tehran"]
[BlackTeam "Dubai"]
[WhiteTeamCountry "IRI"]
[BlackTeamCountry "UAE"]

1. d4 Nf6 2. Nf3 e6 3. c4 b6 4. a3 Bb7 5. Nc3 d5 6. Bg5 Be7 7. Bxf6 Bxf6 8. cxd5 exd5 9. e3 0-0 10. Be2 c5 11. 0-0 Qe7 12. dxc5 Bxc3 13. bxc3 bxc5 14. Qc2 Nd7 15. Rfd1 Rfd8 16. Rab1 Nb6 17. Rb3 Bc6 18. Bb5 c4 19. Rb4 Bxb5 20. Rxb5 Qxa3 21. Rb4 g6 22. Nd4 Rac8 23. Nb5 Qa6 24. Qb2 d4 25. Nxd4 Nd5 26. Ra1 Nxb4 27. Rxa6 Nxa6 28. h4 Nc5 29. Qa2 Ne4 30. Qa5 Re8 31. h5 Rc5 32. Qxa7 Rxh5 33. g3 Nxc3 34. Qc7 Nb5 35. Qxc4 Nxd4 36. Qxd4 Rhe5 37. Kg2 h5 38. Qd6 Re4 39. Qc6 R4e6 40. Qc2 Rd8 41. Qc3 Red6 42. Qc7 Rd2 43. Qa5 R8d5 44. Qa8+ Rd8 45. Qa5 R8d5 46. Qb4 Rd8 47. Qa5 R8d7 48. Qa8+ Kg7 49. Qc6 R7d6 50. Qc3+ Kg8 51. Qb4 R2d5 52. Qb2 Rd8 53. Qb6 Rc8 54. Qb7 Rdd8 55. Qb2 Rc4 56. Qb6 Rdc8 57. Qa6 Rc2 58. Qb7 Rd8 59. Qe7 Rdd2 60. Qe8+ Kg7 61. Qe5+ Kh7 62. Kf3 Rxf2+ 63. Ke4 Rc6 64. Kd3 Rf5 65. Qb8 Re6 66. Qb7 Kg7 67. Qb2+ Rfe5 68. Ke2 Kh7 69. Kf2 Rxe3 70. Qb7 Re7 71. Qb1 Re2+ 72. Kf1 R2e5 73. Kg2 Rd7 74. Qf1 Rd2+ 75. Kh3 Rf5 0-1

[Event "IRI-ch"]
[Site "Mashad"]
[Date "2003.09.28"]
[Round "6"]
[White "Abbasifar, Hasan"]
[Black "Ghorbani, Mohsen"]
[Result "0-1"]
[WhiteElo "2333"]
[BlackElo "2353"]
[PlyCount "86"]
[EventDate "2003.09.24"]
[EventType "swiss"]
[EventRounds "11"]
[EventCountry "IRI"]
[SourceTitle "CBM 096 Extra"]
[Source "ChessBase"]
[SourceDate "2003.10.22"]
[SourceVersion "2"]
[SourceVersionDate "2003.10.20"]
[SourceQuality "1"]

1. e4 c6 2. d4 d5 3. e5 Bf5 4. g4 Bg6 5. h4 h5 6. e6 Qd6 7. exf7+ Bxf7 8. g5 Nd7 9. Nf3 e6 10. Bh3 Ne7 11. Qe2 Ng6 12. Nc3 0-0-0 13. 0-0 Re8 14. Re1 Qc7 15. Qd3 Bd6 16. Be3 Rhf8 17. Ne2 Ne7 18. Nc3 Bg6 19. Qe2 Nf5 20. Kg2 Bf4 21. Bxf5 Bxf5 22. Ng1 Bxe3 23. fxe3 Bg4 24. Qd2 e5 25. Rf1 Qd6 26. Rxf8 Nxf8 27. Rf1 Ng6 28. Qf2 exd4 29. exd4 Rf8 30. Qe1 Rxf1 31. Kxf1 Qf4+ 32. Qf2 Qc1+ 33. Qe1 Qxc2 34. Qe8+ Kc7 35. Nce2 Qf5+ 36. Ke1 Nxh4 37. Qe7+ Qd7 38. Qe5+ Kc8 39. Kd2 Ng6 40. Qe3 Qe7 41. Qd3 Qxg5+ 42. Kc3 Nf4 43. Nxf4 Qxf4 0-1

[Event "Tehran Saipa Cup 1st"]
[Site "Tehran"]
[Date "2003.09.22"]
[Round "10"]
[White "Ghorbani, Mohsen"]
[Black "Guliev, Logman"]
[Result "1/2-1/2"]
[WhiteElo "2353"]
[BlackElo "2369"]
[PlyCount "24"]
[EventDate "2003.09.13"]
[EventType "tourn"]
[EventRounds "11"]
[EventCountry "IRI"]
[EventCategory "7"]
[SourceTitle "CBM 096 Extra"]
[Source "ChessBase"]
[SourceDate "2003.10.22"]
[SourceVersion "2"]
[SourceVersionDate "2003.10.20"]
[SourceQuality "1"]

1. d4 Nf6 2. c4 g6 3. Nc3 Bg7 4. e4 d6 5. Be2 0-0 6. Nf3 Nbd7 7. 0-0 e5 8. Be3 Re8 9. d5 a5 10. Nd2 h6 11. a3 Nh7 12. Kh1 f5 1/2-1/2